| 000 | 00563nam a2200217 a 4500 | ||
|---|---|---|---|
| 001 | 1673 | ||
| 005 | 20140414131931.0 | ||
| 008 | 000826s19uu xx 00 eng d | ||
| 020 | _a0-7513-5614-X | ||
| 050 |
_aREF 031 _bD67 1997 |
||
| 245 | _aMillennium family encyclopedia. | ||
| 260 |
_aLondon : _bDorling Kindersley, _c1997. |
||
| 300 | _a1008 p. ; cm. | ||
| 440 | _aDorling Kindersley (5 vol.) | ||
| 500 | _a[Reference and index] - [5 vol.] | ||
| 650 | _aEncyclopedias. | ||
| 999 |
_c112236 _d112236 |
||